[Event "AUTO-BEG-261"]
[Site "http://www.queenalice.com/game.php?id=485709"]
[Date "2008.10.31"]
[Round "1"]
[White "Koukin"]
[Black "fael666"]
[Result "1-0"]
[WhiteElo "1235"]
[BlackElo "1269"]

1. e4 e6 2. Nh3 Nf6 3. Qf3 Bd6 4. Bc4 c6 5. a3 e5 6. d3 b5 7. Bb3 a5 8. Bg5 h6
9. Bh4 g5 10. Nxg5 Qc7 11. Qxf6 Rf8 12. Bxf7+ Rxf7 13. Qxf7+ Kd8 14. Ne6# 1-0

[Event "AUTO-BEG-261"]
[Site "http://www.queenalice.com/game.php?id=485710"]
[Date "2008.10.31"]
[Round "1"]
[White "fael666"]
[Black "dandi27"]
[Result "1-0"]
[WhiteElo "1250"]
[BlackElo "1321"]

1. d4 Nc6 2. e3 d5 3. Qf3 Nf6 4. Qd1 Ne4 5. f3 Nf6 6. Nc3 Bf5 7. e4 Be6 8. Bf4
dxe4 9. fxe4 Bg4 10. Qd2 Nxd4 11. h3 Bh5 12. Be3 c5 13. e5 Ng8 14. Bxd4 cxd4 15.
Bb5+ Qd7 16. Bxd7+ Kxd7 17. Qxd4+ Ke8 18. g4 Rd8 19. Qa4+ Rd7 20. Qxa7 Bg6 21.
Rd1 e6 22. Qa4 Bc5 23. Qxd7+ Kf8 24. Qd8# 1-0

[Event "AUTO-BEG-261"]
[Site "http://www.queenalice.com/game.php?id=485711"]
[Date "2008.10.31"]
[Round "1"]
[White "dandi27"]
[Black "fael666"]
[Result "1-0"]
[WhiteElo "1347"]
[BlackElo "1252"]

1. e4 e6 2. Nf3 Nf6 3. e5 Ne4 4. Qe2 Ng5 5. d4 d5 6. Bxg5 f6 7. Bh4 c6 8. exf6
gxf6 9. Nc3 Rg8 10. Ne5 Be7 11. Ng4 Qd7 12. Bxf6 e5 13. dxe5 Rxg4 14. Bxe7 Kxe7
15. h3 Rf4 16. g3 Rf5 17. g4 Rf4 18. Qe3 Re4 19. Qxe4 dxe4 20. Nxe4 Qd4 21. Ng5
Qxb2 22. Rd1 Qxe5+ 23. Be2 Qxg5 24. Rg1 Qa5+ 25. c3 Qxc3+ 26. Kf1 Qxh3+ 27. Ke1
1-0

[Event "Challenge"]
[Site "http://www.queenalice.com/game.php?id=601855"]
[Date "2009.6.11"]
[Round "-"]
[White "fael666"]
[Black "goldenboy"]
[Result "0-1"]
[WhiteElo "1178"]
[BlackElo "2143"]

1. d4 d5 2. c3 Nf6 3. Nf3 c6 4. e3 Bg4 5. Be2 Nbd7 6. h3 Bh5 7. Nbd2 Qc7 8. a3
e5 9. Qb3 e4 10. Ng5 Bxe2 11. Kxe2 h6 12. Ngf3 exf3+ 13. Nxf3 Bd6 14. Ne1 Ne4
15. f3 Ng3+ 16. Kf2 Nxh1+ 17. Kg1 Bg3 18. Nc2 Nf2 19. f4 Nd3 20. Bd2 Nb6 21. Rf1
Nc4 22. Rf3 Nxd2 23. Qa2 Nxf3+ 24. gxf3 Qd6 25. Kg2 Qg6 26. Qa1 Bh4+ 27. Kf1 Qg3
28. Qd1 Qf2# 0-1

[Event "AUTO-OPEN-1585"]
[Site "http://www.queenalice.com/game.php?id=602020"]
[Date "2009.6.12"]
[Round "1"]
[White "goldenboy"]
[Black "fael666"]
[Result "1-0"]
[WhiteElo "2170"]
[BlackElo "1155"]

1. e4 d6 2. d4 Nf6 3. Nc3 Nc6 4. Bb5 a6 5. Bxc6+ bxc6 6. Bg5 Ng4 7. h3 Nh6 8.
Bxh6 gxh6 9. Qh5 Bg7 10. Nge2 O-O 11. O-O Rb8 12. Rab1 f5 13. f4 Be6 14. d5 Bf7
15. Qxf5 h5 16. Qg5 Kh8 17. Rfd1 Qd7 18. e5 dxe5 19. fxe5 Rg8 20. e6 Bxe6 21.
dxe6 Qxe6 22. Qxh5 Qd6 23. Rxd6 exd6 24. b3 1-0

[Event "AUTO-OPEN-1585"]
[Site "http://www.queenalice.com/game.php?id=602021"]
[Date "2009.6.12"]
[Round "1"]
[White "fael666"]
[Black "goldenboy"]
[Result "0-1"]
[WhiteElo "1157"]
[BlackElo "2169"]

1. d4 d5 2. e3 c5 3. dxc5 Nc6 4. Nc3 Nf6 5. Nf3 e5 6. b3 Bxc5 7. Bb2 Bg4 8. h3
Bh5 9. g4 Bg6 10. Bb5 e4 11. Ng1 Bb4 12. Ne2 Qa5 13. Qd2 O-O 14. O-O-O Ne5 15.
Ng1 Rac8 16. Nge2 Nf3 17. Qe1 Nxe1 18. Rhxe1 Bxc3 19. Bxc3 Qxb5 20. Nd4 Qa6 0-1

[Event "AUTO-BEG-321"]
[Site "http://www.queenalice.com/game.php?id=602367"]
[Date "2009.6.12"]
[Round "1"]
[White "Ozimarjr"]
[Black "fael666"]
[Result "1-0"]
[WhiteElo "1334"]
[BlackElo "1176"]

1. d4 e6 2. e4 Nf6 3. Nf3 Nc6 4. Bg5 Be7 5. Bc4 h6 6. Bh4 Nxe4 7. Qe2 d5 8. Bb5
Kf8 9. Bxe7+ Qxe7 10. O-O Nb4 11. Nc3 b6 12. Ne5 1-0

[Event "AUTO-BEG-321"]
[Site "http://www.queenalice.com/game.php?id=602368"]
[Date "2009.6.12"]
[Round "1"]
[White "fael666"]
[Black "Ozimarjr"]
[Result "0-1"]
[WhiteElo "1166"]
[BlackElo "1344"]

1. e4 e5 2. d3 Bc5 3. Nc3 Nf6 4. Nf3 Ng4 5. h3 Nxf2 6. Qe2 Nxh1 7. Nxe5 Qh4+ 8.
Kd1 Nf2+ 9. Kd2 Qg5+ 10. Ke1 Qg3 11. b3 Nxh3+ 12. Kd2 Ng1 0-1

[Event "Challenge"]
[Site "http://www.queenalice.com/game.php?id=760422"]
[Date "2010.4.13"]
[Round "-"]
[White "fael666"]
[Black "Strogonoff"]
[Result "0-1"]
[WhiteElo "1120"]
[BlackElo "1730"]

1. e4 e5 2. Nc3 f5 3. d3 d6 4. Qf3 f4 5. g3 Nh6 6. gxf4 Bg4 7. Qg3 Be7 8. Qe3
O-O 9. fxe5 dxe5 10. Nb5 a6 11. Na7 Nd7 12. f3 Bh4+ 13. Kd2 Bg5 14. f4 Bxf4 15.
Qxf4 exf4 16. h3 Be6 17. Kd1 Rxa7 18. Bxf4 Rxf4 19. Ne2 Rf2 20. Nd4 Qg5 21. Nxe6
Qd2# 0-1

[Event "Challenge"]
[Site "http://www.queenalice.com/game.php?id=760425"]
[Date "2010.4.13"]
[Round "-"]
[White "fael666"]
[Black "filipewao"]
[Result "0-1"]
[WhiteElo "1114"]
[BlackElo "1607"]

1. e4 e5 2. Qf3 Nc6 3. Bc4 Nf6 4. c3 Bc5 5. a3 O-O 6. b4 Be7 7. b5 Na5 8. Be2 c6
9. a4 Nb3 10. Ra2 Nxc1 11. Ra1 Nb3 12. Ra3 Bxa3 13. Nxa3 d6 14. Bc4 Na5 15. d3
Bg4 16. Qg3 d5 17. bxc6 Nxc6 18. exd5 Qa5 19. Nb5 Qxa4 0-1

[Event "AUTO-OPEN-1950"]
[Site "http://www.queenalice.com/game.php?id=763046"]
[Date "2010.4.18"]
[Round "1"]
[White "roberval"]
[Black "fael666"]
[Result "1-0"]
[WhiteElo "1889"]
[BlackElo "1118"]

1. e4 d5 2. exd5 Qxd5 3. Nc3 Qe6+ 4. Be2 Qc6 5. Bf3 Qe6+ 6. Nge2 Nc6 7. O-O Qe5
8. d4 Qd6 9. Bf4 Qd7 10. Nb5 Kd8 11. Bxc7+ Ke8 12. Bg3 e6 13. Nc7+ Kd8 14. Nxa8
b6 15. d5 Qb7 16. dxc6+ Bd7 17. cxb7 Bd6 18. Qxd6 Nf6 19. b8=R# 1-0

[Event "AUTO-OPEN-1950"]
[Site "http://www.queenalice.com/game.php?id=763047"]
[Date "2010.4.18"]
[Round "1"]
[White "fael666"]
[Black "roberval"]
[Result "0-1"]
[WhiteElo "1118"]
[BlackElo "1963"]

1. d4 Nf6 2. e3 d5 3. Bd3 Bg4 4. f3 Bh5 5. g4 Bg6 6. Bb5+ c6 7. Bd3 Bxd3 8. Qxd3
e6 9. g5 Nfd7 10. Nc3 Qxg5 11. Nh3 Qg2 12. Qf1 Qxf1+ 13. Kxf1 Bd6 14. e4 f6 15.
Rg1 O-O 16. Bf4 Bxf4 17. Nxf4 dxe4 18. fxe4 Re8 19. Nh5 Re7 20. b3 Na6 21. Re1
Nb4 22. Re2 e5 0-1

[Event "AUTO-OPEN-1950"]
[Site "http://www.queenalice.com/game.php?id=763066"]
[Date "2010.4.18"]
[Round "1"]
[White "Prosperidade"]
[Black "fael666"]
[Result "1-0"]
[WhiteElo "1869"]
[BlackElo "1116"]

1. d4 d5 2. c4 dxc4 3. Nc3 Nc6 4. Nf3 a6 5. h3 b5 6. a4 Bb7 7. axb5 axb5 8. Rxa8
Qxa8 9. Nxb5 Qc8 10. e4 e6 11. Bxc4 Nf6 12. Bd3 Nb4 13. Nc3 Ba6 14. Bxa6 Qxa6
15. Ne5 Bd6 16. Qe2 Qa1 17. O-O h6 18. Qb5+ Ke7 19. Bg5 Qxb2 20. Qd7+ 1-0

[Event "AUTO-OPEN-1950"]
[Site "http://www.queenalice.com/game.php?id=763067"]
[Date "2010.4.18"]
[Round "1"]
[White "fael666"]
[Black "Prosperidade"]
[Result "0-1"]
[WhiteElo "1118"]
[BlackElo "1867"]

1. d4 d5 2. e3 Nf6 3. Nf3 e6 4. Ne5 a6 5. Nc3 c5 6. Be2 cxd4 7. exd4 Be7 8. Qd3
Nc6 9. Be3 Nb4 10. Qd2 O-O 11. a3 Nc6 12. O-O Nd7 13. Bd3 Bf6 14. Nf3 b5 15. b4
Nb6 16. Ng5 Nc4 17. Qe1 Bxg5 18. a4 Bxe3 19. fxe3 Bd7 0-1

[Event "AUTO-OPEN-1950"]
[Site "http://www.queenalice.com/game.php?id=763076"]
[Date "2010.4.18"]
[Round "1"]
[White "RicardoGuidoval"]
[Black "fael666"]
[Result "1-0"]
[WhiteElo "1656"]
[BlackElo "1114"]

1. e4 e5 2. Nf3 Bd6 3. Nc3 Nc6 4. Bc4 Nf6 5. Ng5 Qe7 6. Nxf7 Rf8 7. Ng5 Rh8 8.
d3 h6 9. Nh3 Bc5 10. Be3 Bxe3 11. fxe3 Qc5 12. Qe2 a6 13. O-O b5 14. Bd5 d6 15.
Rf3 b4 16. Rxf6 1-0

[Event "AUTO-OPEN-1950"]
[Site "http://www.queenalice.com/game.php?id=763077"]
[Date "2010.4.18"]
[Round "1"]
[White "fael666"]
[Black "RicardoGuidoval"]
[Result "0-1"]
[WhiteElo "1114"]
[BlackElo "1656"]

1. d4 Nf6 2. e3 d5 3. Nc3 c5 4. dxc5 e5 5. Nf3 Nc6 6. Na4 Bg4 7. h3 Bh5 8. g4
Bg6 9. Bd2 h6 10. h4 Qd7 11. Bc3 Qxg4 12. Bh3 Qxa4 13. O-O Qxc2 14. Qxc2 Bxc2
15. Nxe5 Bxc5 0-1

[Event "Challenge"]
[Site "http://www.queenalice.com/game.php?id=766928"]
[Date "2010.4.26"]
[Round "-"]
[White "xambim"]
[Black "fael666"]
[Result "1-0"]
[WhiteElo "1149"]
[BlackElo "1114"]

1. e4 e5 2. Nf3 Nc6 3. Bc4 Nf6 4. O-O Nxe4 5. d3 Nc5 6. Bg5 f6 7. Bh4 d5 8. d4
exd4 9. Re1+ Ne7 10. Bb5+ c6 11. Be2 Bf5 12. Nxd4 Qb6 13. b3 a5 14. Nxf5 Nxf5
15. Bd3+ Kd8 16. Bxf5 g6 17. Bxf6+ Be7 18. Bxh8 gxf5 19. Qe2 Qc7 20. Be5 Qd7 21.
Nc3 d4 22. Na4 1-0